| 000 | 00871nam a2200265 i 4500 | ||
|---|---|---|---|
| 003 | DO-SdBNP | ||
| 005 | 20230921092615.0 | ||
| 007 | ta | ||
| 008 | 110413s2022 dr 000 0 spa d | ||
| 020 | _a9789945621853 | ||
| 020 | _a9789945621846 | ||
| 040 |
_aDO-SdBNP _bspa _cBNPHU _erda |
||
| 082 |
_bR426 _222 |
||
| 110 | 1 |
_aRepública Dominicana _bMinisterio de Salud Pública y Asistencia Social _978774 |
|
| 245 | 1 | 0 | _aPlan de respuesta multiamenaza del sector salud ante emergencias y desastres / |
| 264 |
_aSanto Domingo : _bMinisterio de Salud Pública y Asistencia Social, _c2022. |
||
| 300 |
_a72 páginas _c26 cm. |
||
| 336 |
_2rdacontent _atexto _btxt |
||
| 337 |
_2rdamedia _asin mediación _bn |
||
| 338 |
_2rdacarrier _avolumen _bnc |
||
| 504 | _aBibliografía p: 41-42 | ||
| 590 | _aInventariado, 2023/ YL | ||
| 910 | _aYLockward | ||
| 942 |
_2ddc _cLBS1 |
||
| 999 |
_c54875 _d54875 |
||